NATO-maiden naapurit - Statistics

Yleistilastot
  • Tätä visaa on pelattu 947 kertaa
    398 viimeisimmän päivityksen jälkeen
  • Keskiarvotulos 18 / 24
Vastaustilastot
naapurit valtiot % Oikein
Norja, Puola +3 Venäjä
100%
Romania, Puola +2 Ukraina
90%
Yhdysvallat Meksiko
88%
Ranska, Italia, Saksa Sveitsi
86%
Puola, Latvia, Liettua Valko-Venäjä
86%
Espanja, Ranska Andorra
83%
Italia Vatikaanivaltio
82%
Italia San Marino
81%
Kroatia, Romania +4 Serbia
81%
Romania Moldova
75%
Ranska Monaco
75%
Albania, Montenegro, Pohjois-Makedonia Kosovo
74%
Turkki Armenia
73%
Turkki Syyria
73%
Turkki Georgia
72%
Yhdistynyt kuningaskunta Irlanti
72%
Kroatia, Montenegro Bosnia ja Hertsegovina
71%
Turkki Irak
71%
Turkki Azerbaidžan
70%
Turkki Iran
69%
Saksa, Italia +5 Itävalta
67%
Espanja Marokko
58%
Ranska Brasilia
50%
Ranska Suriname
43%
Ehtoja vastaavia visoja ei löytynyt
Tulosjakauma
Jokaisen tuloksen saaneiden osuus
Persentiili vastausten määrän mukaan
Tuloshistoriasi
Et ole pelannut tätä visaa sen viimeisimmän päivityksen jälkeen